Scrambled Words Ending in “D” - Statistics

General Stats
  • This quiz has been taken 62 times
  • The average score is 20 of 30
Answer Stats
Hint Answer % Correct
Sdtupi Stupid
100%
Boold Blood
96%
rwaroFd Forward
96%
ardAkww Awkward
94%
axEpnd Expand
92%
rzdaHa Hazard
92%
Wzdair Wizard
92%
Oachrrd Orchard
90%
miidT Timid
90%
dawRre Reward
88%
dAbnou Abound
85%
Sderca Sacred | Scared
83%
ldpohU Uphold
81%
oiredtS Steroid | Storied
79%
earyadvGr Graveyard
73%
dodloWan Woodland
71%
Slinddep Splendid
67%
rdOoaberv Overboard
63%
Udharne Unheard
62%
oradKeby Keyboard
60%
ndaugVra Vanguard
60%
iDasdrc Discard
54%
kHiduannm Humankind
50%
tecuanqidA Acquainted
44%
oorSreadcb Scoreboard
44%
pmnugroaCd Campground
42%
lWdokaor Workload
37%
nthhSdaro Shorthand
21%
adScodenhn Secondhand
15%
erageWlgtod Waterlogged
13%
No matching quizzes found
Score Distribution
Percent of People with Each Score
Percentile by Number Answered
Your Score History
You have not taken this quiz